Theory of structures / (Record no. 2542)
[ view plain ]
| 000 -LEADER | |
|---|---|
| fixed length control field | 00388cam a2200157ua 4500 |
| 003 - CONTROL NUMBER IDENTIFIER | |
| control field | OSt |
| 008 - FIXED-LENGTH DATA ELEMENTS--GENERAL INFORMATION | |
| fixed length control field | 250512b |||||||| |||| 00| 0 eng d |
| 020 ## - INTERNATIONAL STANDARD BOOK NUMBER | |
| ISBN | 81-219-0520-6 |
| 082 ## - DEWEY DECIMAL CLASSIFICATION NUMBER | |
| Classification number | 624.171 |
| Item number | KHU/TH |
| 100 ## - MAIN ENTRY--AUTHOR NAME | |
| Personal name | Khurmi, R.S . |
| 245 ## - TITLE STATEMENT | |
| Title | Theory of structures / |
| 250 ## - EDITION STATEMENT | |
| Edition statement | 1 / |
| 260 ## - PUBLICATION, DISTRIBUTION, ETC. (IMPRINT) | |
| Place of publication | New Delhi : |
| Name of publisher | S. Chand and Company Limited. |
| Year of publication | 2012 |
| 300 ## - PHYSICAL DESCRIPTION | |
| Number of Pages | 771 / 702 |
| 942 ## - ADDED ENTRY ELEMENTS (KOHA) | |
| Koha item type | Books |
| Withdrawn status | Lost status | Damaged status | Home library | Current library | Date acquired | Full call number | Accession Number | Koha item type | Collection code | Shelving location | Source of acquisition | Cost, normal purchase price |
|---|---|---|---|---|---|---|---|---|---|---|---|---|
| KAUAET | KAUAET | 07/04/2012 | 624.171 KHU/TH | 19319 | Books | |||||||
| KAUAET | KAUAET | 07/04/2012 | 624.171 KHU/TH | 19318 | Books | |||||||
| KAUAET | KAUAET | 07/04/2012 | 624.171 KHU/TH | 19490 | Books | |||||||
| KAUAET | KAUAET | 07/04/2012 | 624.171 KHU/TH | 22069 | Books | |||||||
| KAUAET | KAUAET | 07/04/2012 | 624.171 KHU/TH | 22068 | Books | |||||||
| KAUAET | KAUAET | 07/04/2012 | 624.171 KHU/TH | 22067 | Books | |||||||
| KAUAET | KAUAET | 07/04/2012 | 624.171 KHU/TH | 22066 | Books | |||||||
| KAUAET | KAUAET | 07/04/2012 | 624.171 KHU/TH | 22065 | Books | |||||||
| KAUAET | KAUAET | 27/07/2016 | 624.171 KHU/TH | 24173 | Books | General Stacks | Penta Books Distributors, Calicut. | 375.00 | ||||
| KAUAET | KAUAET | 24/03/2017 | 624.171 KHU/TH | 25155 | Books | General Stacks | Penta Book Distributors | 595.00 | ||||
| KAUAET | KAUAET | 24/03/2017 | 624.171 KHU/TH | 25156 | Books | General Stacks | Penta Book Distributors | 595.00 | ||||
| KAUAET | KAUAET | 24/03/2017 | 624.171 KHU/TH | 25157 | Books | General Stacks | Penta Book Distributors | 595.00 |
